MARC

LEADER 00000n m0a2200000 4500
001 219929
005 20231031195234.0
010 |a 5247010116 
020 |a RU  |b 89-81623 
035 |a (RuTPU)RU\TPU\book\240036 
090 |a 219929 
100 |a 20120731d1989 km y0rusy5003 ca 
101 0 |a rus 
102 |a RU 
105 |a a z 001zy 
200 1 |a Инструмент для бурения взрывных скважин на карьерах  |f Б. А. Катанов, М. С. Сафохин 
210 |a Москва  |c Недра  |d 1989 
215 |a 172,[1] с.  |c ил. 
320 |a Библиогр.: с. 172 (25 назв.). 
610 1 |a буровзрывные работы 
610 1 |a бурильные инструменты 
610 1 |a взрывные скважины 
610 1 |a карьеры 
610 1 |a очистка 
610 1 |a открытые горные выработки 
610 1 |a режущий буровой инструмент 
610 1 |a изнашивание 
610 1 |a шарошечные долота 
675 |a 622.233.6.05  |z rus 
700 1 |a Катанов  |b Б. А.  |g Борис Александрович  |4 070 
701 1 |a Сафохин  |b М. С.  |g Михаил Самсонович  |4 070 
801 0 |a RU  |b RuMRKP  |c 19950417  |g psbo 
801 1 |a RU  |b 63413507  |c 20120731 
801 2 |a RU  |b 63413507  |c 20121119  |g RCR 
942 |c BK